Tiểu thuyết Pháp bên thềm thế kỷ XIX
Uloženo v:
| Hlavní autor: | |
|---|---|
| Médium: | Kniha |
| Jazyk: | Undetermined |
| Vydáno: |
Thành phố Hồ Chí Minh
Nxb. Thành phố Hồ Chí Minh
2001
|
| Témata: | |
| Tagy: |
Přidat tag
Žádné tagy, Buďte první, kdo otaguje tento záznam!
|
| Thư viện lưu trữ: | Trung tâm Học liệu Trường Đại học Cần Thơ |
|---|
| LEADER | 00575nam a2200181Ia 4500 | ||
|---|---|---|---|
| 001 | CTU_40719 | ||
| 008 | 210402s9999 xx 000 0 und d | ||
| 082 | |a 843 | ||
| 082 | |b T566 | ||
| 100 | |a Phùng, Văn Tửu | ||
| 245 | 0 | |a Tiểu thuyết Pháp bên thềm thế kỷ XIX | |
| 245 | 0 | |c Phùng Văn Tửu | |
| 260 | |a Thành phố Hồ Chí Minh | ||
| 260 | |b Nxb. Thành phố Hồ Chí Minh | ||
| 260 | |c 2001 | ||
| 650 | |a French literatury | ||
| 650 | |x History and criticism | ||
| 980 | |a Trung tâm Học liệu Trường Đại học Cần Thơ | ||